Innovation management and global competitiveness of companies diplomová práca

Saved in:
Bibliographic Details
Main Author: Fábryová, Veronika
Corporate Author: Ekonomická univerzita v Bratislave. Ústav medzinárodných programov
Other Authors: Molnár, Pavol
Format: Book
Language:English
Published: Bratislava 2012
Tags: Add Tag
No Tags, Be the first to tag this record!

MARC

LEADER 00000nam$a2200000$$$4500
001 0157620
005 20240318114425.5
041 0 |a eng 
044 |a SK 
245 1 0 |a Innovation management and global competitiveness of companies  |b diplomová práca  |c Veronika Fábryová ; školiteľ: Pavol Molnár 
264 1 |a Bratislava  |c 2012 
300 |a 82 s. 
100 1 |a Fábryová, Veronika 
700 1 |a Molnár, Pavol 
710 2 |a Ekonomická univerzita v Bratislave. Ústav medzinárodných programov